00417nam a2200169Ia 4500003000400000005001700004008004100021020001800062050002500080100001800105245003500123260003500158300003300193440000600226521000700232526000800239OSt20140314142450.0140130s9999 xx 000 0 und d a9780590460095 aPZ 7b.H67562Am 1993 aHoffman, Mary aAmazing grace /cMary Hoffman. bScholastic,c1993.aNew York : a30 p. :bcol. ill. ;c28 cm. v1 aG4 c680